Windows im Netzwerk Optimale Installation, effektive Speicherverwaltung und praktische Problemlösungen für Windows 3.1, Windows für Workgroups und Windows NT. Praxisbuch

Saved in:
Bibliographic Details
Main Author: Scholz, Michael
Other Authors: Moosmüller, Lorenz, Smadja, Birgit
Format: Book
Language:German
Published: Haar bei München Markt und Technik 1993
Edition:1. Aufl.
Tags: Add Tag
No Tags, Be the first to tag this record!

MARC

LEADER 00000nam a2200000 4500
001 c010332
005 20221214083825.4
020 |a 3-87791-480-2 
041 0 |a ger 
044 |a DE 
245 1 0 |a Windows im Netzwerk  |b Optimale Installation, effektive Speicherverwaltung und praktische Problemlösungen für Windows 3.1, Windows für Workgroups und Windows NT. Praxisbuch  |c Michael Scholz, Lorenz Moosmüller, Birgit Smadja 
250 |a 1. Aufl. 
264 1 |a Haar bei München  |b Markt und Technik  |c 1993 
300 |a 430 s. 
100 1 |a Scholz, Michael 
700 1 |a Moosmüller, Lorenz 
700 1 |a Smadja, Birgit